[Event "I Miedzynarodowy Festiwal Szachowy "Puchar Baltyku" - Open A"]
[Site "Darlowko"]
[Date "1899-12-30"]
[Round "9.1"]
[White "Kanarek, Marcel"]
[Black "Kosakowski, Jakub"]
[Result "1-0"]
[WhiteTitle "GM"]
[BlackTitle "FM"]
[WhiteElo "2530"]
[BlackElo "2366"]

1. d4 Nf6 2. c4 g6 3. Nc3 Bg7 4. e4 d6 5. Be2 O-O 6. Be3 e5 7. d5 a5 8. g4 Na6
9. h4 Nc5 10. Bf3 Bd7 11. g5 Ne8 12. h5 Rb8 13. b3 c6 14. Bxc5 dxc5 15. Bg4 f5
16. gxf6 Qxf6 17. Nh3 Bxg4 18. Qxg4 Bh6 19. hxg6 hxg6 20. Ke2 Nd6 21. Rag1 Kg7
22. Rg2 Nc8 23. dxc6 bxc6 24. Rd1 Nd6 25. Na4 Nb7 26. Nb6 1-0

[Event "I Miedzynarodowy Festiwal Szachowy "Puchar Baltyku" - Open A"]
[Site "Darlowko"]
[Date "1899-12-30"]
[Round "9.2"]
[White "Nurkiewicz, Maciej"]
[Black "Shishkin, Vadim"]
[Result "0-1"]
[WhiteTitle "m"]
[BlackTitle "GM"]
[WhiteElo "2373"]
[BlackElo "2454"]

1. d4 Nf6 2. c4 g6 3. f3 d5 4. cxd5 Nxd5 5. e4 Nb6 6. Nc3 Bg7 7. Be3 O-O 8. Qd2
Qd6 9. O-O-O Rd8 10. Kb1 Nc6 11. Nb5 Qd7 12. Bf4 e5 13. dxe5 Qe7 14. Qc2 Be6 15.
Rxd8+ Rxd8 16. Nc3 Nxe5 17. Nh3 Bxh3 18. gxh3 Nxf3 19. Bg2 Bxc3 20. bxc3 Nc4 21.
Ka1 Qf6 22. Bc1 Nfe5 23. Rd1 Rxd1 24. Qxd1 Qf2 25. Bf1 Ne3 26. Qd8+ Kg7 27. Qxc7
Nc6 28. Bd3 Qe1 29. Kb1 Nd1 30. Qd6 Nxc3+ 31. Kc2 Qd1+ 32. Kb2 Nxe4 33. Qa3 Ne5
34. Bb5 Qd4+ 35. Kc2 Nd6 36. Be2 Ndc4 37. Qg3 Qe4+ 38. Kd1 b5 39. h4 h6 40. a3
a6 41. h3 a5 42. Qc3 Qh1+ 43. Kc2 Qe4+ 44. Kd1 b4 45. axb4 axb4 46. Qg3 Qh1+ 47.
Kc2 Qe4+ 48. Kd1 Qb1 49. Qf4 Nb2+ 50. Kd2 Qxc1+ 0-1

[Event "I Miedzynarodowy Festiwal Szachowy "Puchar Baltyku" - Open A"]
[Site "Darlowko"]
[Date "1899-12-30"]
[Round "9.3"]
[White "Lewtak, Damian"]
[Black "Llaneza Vega, Marcos"]
[Result "1/2-1/2"]
[WhiteTitle "m"]
[BlackTitle "IM"]
[WhiteElo "2344"]
[BlackElo "2424"]

1. d4 Nf6 2. c4 g6 3. Nc3 d5 4. Nf3 Bg7 5. e3 O-O 6. Be2 c5 7. dxc5 dxc4 8. O-O
Qa5 9. Qd4 Be6 10. Ng5 Nc6 11. Qh4 Bd7 12. Qxc4 h6 13. Nf3 Rac8 14. Bd2 Be6 15.
Qb5 Qc7 16. Rac1 Ng4 17. h3 Nge5 18. Rfd1 a6 19. Qa4 Nxf3+ 20. Bxf3 Ne5 21. Be2
Qxc5 22. Ne4 1/2-1/2

[Event "I Miedzynarodowy Festiwal Szachowy "Puchar Baltyku" - Open A"]
[Site "Darlowko"]
[Date "1899-12-30"]
[Round "9.4"]
[White "Kucza, Karol"]
[Black "Simantsev, Mikhail"]
[Result "1/2-1/2"]
[WhiteTitle "FM"]
[BlackTitle "GM"]
[WhiteElo "2278"]
[BlackElo "2486"]

1. e4 e5 2. Nf3 Nc6 3. Bb5 a6 4. Ba4 Nf6 5. O-O Be7 6. Re1 b5 7. Bb3 d6 8. c3 O-O
9. d4 Bg4 10. Be3 exd4 11. cxd4 Na5 12. Bc2 Nc4 13. Bc1 c5 14. b3 Na5 15. dxc5
dxc5 16. e5 Qxd1 17. Rxd1 Nc6 18. Nbd2 Nd5 19. Bb2 Rac8 20. h3 Bh5 21. Be4 Nf4
22. Nf1 Rfe8 23. Ng3 Bxf3 24. Bxf3 Bf8 25. Bg4 Rc7 26. Bc1 Ne6 27. f4 c4 28. bxc4
bxc4 29. Ne4 Nb4 30. Bxe6 fxe6 31. Bd2 Nd5 32. Rac1 Rb8 33. Ba5 Rc6 34. Kh2 Rb2
35. Rd2 Rb5 36. Bc3 Ba3 37. Rcd1 h6 38. f5 Nxc3 39. Rd8+ Bf8 40. Nxc3 Rxe5 41.
fxe6 Rcxe6 42. Rc8 Rc5 43. Rdd8 Rxc8 44. Rxc8 Re3 45. Nd5 Re2 46. Nf4 Rf2 47.
Kg3 Rf1 48. Ne6 c3 49. Nxf8 Rxf8 50. Rxc3 Rf5 51. Rf3 Rc5 52. a3 a5 53. Kf4 Kf7
54. Ke4+ Ke6 55. Kd4 Rg5 56. g4 h5 57. gxh5 Rxh5 58. Rg3 Kf6 59. Kc4 g6 60. a4
Rf5 61. Rg4 g5 62. h4 Rf4+ 63. Rxf4+ gxf4 64. Kd4 Kf5 65. h5 Kg5 66. Ke4 Kxh5
1/2-1/2

[Event "I Miedzynarodowy Festiwal Szachowy "Puchar Baltyku" - Open A"]
[Site "Darlowko"]
[Date "1899-12-30"]
[Round "9.5"]
[White "Kowalski, Igor"]
[Black "Karpus, Michal"]
[Result "0-1"]
[WhiteTitle "k+"]
[BlackTitle "FM"]
[WhiteElo "2232"]
[BlackElo "2291"]

1. c4 g6 2. Nc3 Bg7 3. g3 c5 4. Bg2 Nc6 5. e4 e6 6. Nge2 Nge7 7. d3 O-O 8. Be3
Nd4 9. Qd2 a6 10. O-O Rb8 11. Bh6 Nec6 12. Bxg7 Kxg7 13. f4 d6 14. g4 Qh4 15.
h3 b5 16. Nxd4 Nxd4 17. cxb5 axb5 18. Ne2 Nxe2+ 19. Qxe2 Bb7 20. b4 Qf6 21. bxc5
dxc5 22. f5 exf5 23. gxf5 Qd4+ 24. Kh1 Ra8 25. Rac1 Ra3 26. Qf2 Qxd3 27. Qxc5
Rxa2 28. f6+ Kg8 29. Rfd1 Rd2 30. Rxd2 Qxd2 31. Qc7 b4 32. Rb1 Bc8 33. Qc5 b3
34. Qd5 Qc3 35. Rxb3 Qa1+ 36. Kh2 Be6 37. Qg5 Bxb3 38. e5 h6 0-1

[Event "I Miedzynarodowy Festiwal Szachowy "Puchar Baltyku" - Open A"]
[Site "Darlowko"]
[Date "1899-12-30"]
[Round "9.6"]
[White "Budrewicz, Krzysztof"]
[Black "Goluch, Piotr"]
[Result "0-1"]
[WhiteTitle "m"]
[BlackTitle "FM"]
[WhiteElo "2190"]
[BlackElo "2252"]

1. d4 Nf6 2. c4 d6 3. Nf3 g6 4. Nc3 Bg7 5. e4 O-O 6. h3 Na6 7. Bg5 c5 8. d5 Nc7
9. Be2 a6 10. a4 Rb8 11. O-O b5 12. Re1 b4 13. Bxf6 Bxf6 14. e5 bxc3 15. exf6
cxb2 16. fxe7 Qxe7 17. Rb1 Qf6 18. Bd3 Re8 19. Re2 Bd7 20. a5 Qc3 21. Qd2 Rb3
22. Ne1 Qxd2 23. Rxd2 Reb8 24. g4 Ne8 25. Kf1 f5 26. f3 Nf6 27. Ke2 fxg4 28. hxg4
Kf7 29. Ng2 h5 30. g5 Ng8 31. Ne3 Ne7 32. Nd1 Bf5 33. Be4 R8b4 34. Rdxb2 Rxb2+
35. Rxb2 Rxc4 36. Ne3 Ra4 37. Rb6 Bxe4 38. fxe4 Rxe4 39. Kf3 Rd4 40. Rxd6 Rd3
41. Rxa6 Nxd5 42. Ke4 Rd4+ 43. Ke5 Nxe3 44. Ra7+ Kf8 45. Ke6 Rd8 46. a6 Nf5 47.
Rd7 Nd4+ 48. Kd6 Nb5+ 49. Kc6 Rxd7 50. Kxd7 c4 51. Kc6 Na7+ 0-1

[Event "I Miedzynarodowy Festiwal Szachowy "Puchar Baltyku" - Open A"]
[Site "Darlowko"]
[Date "1899-12-30"]
[Round "9.7"]
[White "Krainski, Aleksander"]
[Black "Sabuk, Piotr"]
[Result "1/2-1/2"]
[WhiteTitle "FM"]
[BlackTitle "IM"]
[WhiteElo "2172"]
[BlackElo "2368"]

1. Nf3 Nf6 2. d4 g6 3. e3 Bg7 4. Be2 c5 5. dxc5 Qc7 6. Nbd2 Qxc5 7. a3 O-O 8. b4
Qc7 9. Bb2 b6 10. c4 Bb7 11. O-O d6 12. Qb3 Nbd7 13. Rac1 Rac8 14. Rfd1 Qb8 15.
h3 Qa8 16. Qa2 Ne4 17. Bxg7 Kxg7 18. Bf1 Nxd2 19. Nxd2 Rc7 20. Nb1 Rfc8 21. Qb2+
Kg8 22. Nd2 Ne5 23. f4 Nd7 24. Nb3 Nf6 25. Nd4 Ba6 26. b5 Bb7 27. a4 d5 28. cxd5
Nxd5 29. Rxc7 Rxc7 30. Qd2 Nc3 31. Rc1 Ne4 32. Qb2 Qc8 33. Rxc7 Qxc7 34. Bd3 Nc3
35. Qc2 Qc5 36. Kh2 Qb4 37. Ne2 Nxa4 38. Qc7 Qd6 39. Qxb7 Qxd3 40. Qb8+ Kg7 41.
Qe5+ Kg8 42. Qb8+ 1/2-1/2

[Event "I Miedzynarodowy Festiwal Szachowy "Puchar Baltyku" - Open A"]
[Site "Darlowko"]
[Date "1899-12-30"]
[Round "9.8"]
[White "Szpar, Milosz"]
[Black "Stachanczyk, Jacek"]
[Result "1/2-1/2"]
[WhiteTitle "k"]
[BlackTitle "IM"]
[WhiteElo "2241"]
[BlackElo "2224"]

1. e4 c5 2. Nf3 d6 3. d4 cxd4 4. Qxd4 Nc6 5. Bb5 Bd7 6. Bxc6 Bxc6 7. c4 f5 8. Nc3
fxe4 9. Nxe4 e5 10. Qd3 Nf6 11. Nxf6+ Qxf6 12. Bg5 Qf7 13. Rd1 h6 14. Nxe5 Qe6
15. Qg6+ Qxg6 16. Nxg6 Rg8 17. Bh4 Kf7 18. Nxf8 Rgxf8 19. O-O Rfe8 20. f3 Re5
21. Rxd6 Re2 22. Rf2 Re1+ 23. Rf1 Re2 24. Rf2 Re1+ 25. Rf1 1/2-1/2

[Event "I Miedzynarodowy Festiwal Szachowy "Puchar Baltyku" - Open A"]
[Site "Darlowko"]
[Date "1899-12-30"]
[Round "9.9"]
[White "Zaleski, Lukasz"]
[Black "Antolak, Julia"]
[Result "0-1"]
[WhiteTitle "k"]
[BlackTitle "WFM"]
[WhiteElo "2220"]
[BlackElo "2144"]

1. e4 c5 2. Nf3 g6 3. g3 Bg7 4. Bg2 Nc6 5. O-O d6 6. c3 Nf6 7. d3 O-O 8. h3 Bd7
9. Be3 b5 10. Nh4 e5 11. Kh2 Ne8 12. Qd2 Rc8 13. f4 exf4 14. Bxf4 Be5 15. Nf3
Bxf4 16. Qxf4 f5 17. Qh6 Qe7 18. Nbd2 Nf6 19. Nh4 Ne5 20. Kh1 Nh5 21. Kh2 f4 22.
gxf4 Qxh4 23. fxe5 Qg3+ 24. Kh1 Bxh3 25. Bxh3 Qxh3+ 26. Kg1 Qg3+ 27. Kh1 dxe5
28. Nb3 Rf2 29. Rxf2 Qxf2 30. Rg1 Qh4+ 0-1

[Event "I Miedzynarodowy Festiwal Szachowy "Puchar Baltyku" - Open A"]
[Site "Darlowko"]
[Date "1899-12-30"]
[Round "9.10"]
[White "Oglaza, Oskar"]
[Black "Chomczyk, Marek"]
[Result "1/2-1/2"]
[WhiteTitle "k"]
[BlackTitle "k+"]
[WhiteElo "2197"]
[BlackElo "2174"]

1. d4 Nf6 2. c4 e6 3. Nc3 Bb4 4. Qc2 O-O 5. a3 Bxc3+ 6. Qxc3 d6 7. Bg5 Nbd7 8.
e3 b6 9. Ne2 Bb7 10. Qc2 c5 11. Rd1 Qc7 12. Nc3 a6 13. Be2 h6 14. Bh4 Bxg2 15.
Rg1 Bb7 16. Qd2 Ne4 17. Nxe4 Bxe4 18. dxc5 d5 19. Bg3 Qxc5 20. f3 Bg6 21. cxd5
exd5 22. Qxd5 Rfe8 23. Qxc5 Nxc5 24. Kf2 b5 25. e4 Rac8 26. Rc1 Kh7 27. Rgd1 f6
28. Bf4 Bf7 29. Rd6 Bc4 30. b4 Nb3 31. Rc3 Bxe2 32. Rxc8 Rxc8 33. Kxe2 a5 34.
bxa5 Nxa5 35. Rd5 Rc2+ 36. Kd3 Rf2 37. Ke3 Ra2 38. Rxb5 Rxa3+ 39. Kf2 Nc6 40.
Be3 Ne5 41. h3 g5 42. Ke2 Ra2+ 43. Kf1 Rh2 44. Bg1 Rxh3 45. Kg2 Rh4 46. Bf2 Rf4
47. Bg3 Rxf3 48. Bxe5 Re3 49. Bxf6 Rxe4 50. Bxg5 Rg4+ 1/2-1/2

[Event "I Miedzynarodowy Festiwal Szachowy "Puchar Baltyku" - Open A"]
[Site "Darlowko"]
[Date "1899-12-30"]
[Round "9.11"]
[White "Szymczak, Zbigniew"]
[Black "Sliwicka, Alicja"]
[Result "1/2-1/2"]
[WhiteTitle "IM"]
[BlackTitle "WFM"]
[WhiteElo "2154"]
[BlackElo "2164"]

1. d4 Nf6 2. c4 c5 3. d5 b5 4. Nf3 Bb7 5. a4 b4 6. Qc2 d6 7. e4 e5 8. g3 g6 9.
Bg2 Nbd7 10. O-O Bg7 11. b3 O-O 12. Bb2 h6 13. Nbd2 Nh7 14. Rae1 Qe7 15. Re2 Rae8
16. Ne1 f5 17. f4 exf4 18. gxf4 Bxb2 19. Qxb2 Qf6 20. Qxf6 Nhxf6 21. Nd3 fxe4
22. Nxe4 Nxe4 23. Rxe4 Rxe4 24. Bxe4 Kf7 25. Bg2 Nf6 26. Bh3 Bc8 27. Bxc8 Rxc8
28. Ne5+ Kg7 29. Nc6 a6 30. Re1 Re8 31. Rxe8 Nxe8 32. Kf2 Kf6 33. Kf3 Kf5 34.
Ne7+ 1/2-1/2

[Event "I Miedzynarodowy Festiwal Szachowy "Puchar Baltyku" - Open A"]
[Site "Darlowko"]
[Date "1899-12-30"]
[Round "9.12"]
[White "Garbowski, Jakub"]
[Black "Renkowski, Piotr"]
[Result "1-0"]
[WhiteTitle "k"]
[BlackTitle "k"]
[WhiteElo "2091"]
[BlackElo "2096"]

1. e4 e5 2. Nf3 Nc6 3. Bb5 a6 4. Ba4 Bc5 5. O-O b5 6. Bb3 Nf6 7. c3 d6 8. d4 Bb6
9. h3 Bb7 10. Re1 h6 11. a4 O-O 12. dxe5 Nxe5 13. Nxe5 dxe5 14. Nd2 c5 15. Qf3
Qc7 16. Bc2 Rad8 17. Nf1 Ne8 18. Qg3 Kh8 19. Ne3 Nd6 20. Ng4 Nxe4 21. Bxe4 Bxe4
22. Rxe4 Rd1+ 23. Kh2 f5 24. Nxe5 fxe4 25. Ng6+ Kg8 26. Bf4 Rxf4 27. Rxd1 Rxf2
28. Ne7+ Kf7 29. Nd5 Qxg3+ 30. Kxg3 Rxb2 31. Nxb6 Rc2 32. axb5 Rxc3+ 33. Kf4 axb5
34. Kxe4 Rc2 35. Rd7+ Kg6 36. Nd5 b4 37. Rb7 Kh7 38. Ne3 Rc3 39. Nf5 b3 40. Rxg7+
Kh8 41. Rb7 c4 42. Ne3 h5 43. Rb4 1-0

[Event "I Miedzynarodowy Festiwal Szachowy "Puchar Baltyku" - Open A"]
[Site "Darlowko"]
[Date "1899-12-30"]
[Round "9.13"]
[White "Krainski, Slawomir"]
[Black "Grela, Kacper"]
[Result "0-1"]
[WhiteTitle "k"]
[BlackTitle "FM"]
[WhiteElo "2113"]
[BlackElo "2310"]

1. e4 c5 2. Nf3 Nc6 3. d4 cxd4 4. Nxd4 Nf6 5. Nc3 d6 6. Bg5 e6 7. Qd2 Be7 8. O-O-O
Nxd4 9. Qxd4 O-O 10. f4 Qa5 11. Qd3 Rd8 12. Be2 b5 13. Qxb5 Qc7 14. e5 Ne8 15.
Bxe7 Qxe7 16. exd6 Nxd6 17. Qb4 a5 18. Qb6 Bb7 19. Rd2 Bd5 20. Rhd1 Rab8 21. Qc5
Qb7 22. Qa3 Nf5 23. Nb5 Qb6 24. g3 Rdc8 25. Bd3 Ne3 26. Re1 g6 27. Qd6 Rc6 28.
Qe5 Nc4 29. Bxc4 Rxc4 30. Rxd5 exd5 31. Nd6 Rc6 32. Ne8 f6 33. Qxd5+ Kf8 34. b3
Rxe8 35. Rxe8+ Kxe8 36. Qg8+ Kd7 37. Qxh7+ Kc8 38. Qxg6 Qe3+ 39. Kb2 Qc3+ 40.
Ka3 Qxc2 41. Qe8+ Kb7 42. Qd7+ Ka6 43. Qd5 Qc5+ 44. Qxc5 Rxc5 0-1